[Event "CAN-ch U10"]
[Site "Quebec"]
[Date "2018.07.04"]
[Round "5.130"]
[White "Dufresne, Christophe"]
[Black "Huang, Ivan"]
[Result "0-1"]
[WhiteElo "1291"]
[BlackElo "696"]
[PlyCount "110"]
[EventDate "2018.07.02"]
[EventType "swiss"]
[EventRounds "7"]
[EventCountry "CAN"]
[SourceTitle "EXT 2022"]
[Source "ChessBase"]
[SourceDate "2021.10.06"]
[SourceVersion "1"]
[SourceVersionDate "2021.10.06"]
[SourceQuality "1"]

1. e4 e5 2. Nf3 Nc6 3. Bc4 Bc5 4. d3 Nf6 5. Bg5 h6 6. Bh4 d6 7. h3 Be6 8. Bb3 g5 9. Bg3 Qd7 10. Qd2 0-0-0 11. Nc3 Rhg8 12. 0-0-0 Bxb3 13. cxb3 Nd4 14. Nxd4 exd4 15. Ne2 Qc6 16. Kb1 Qb6 17. Rc1 Rge8 18. Rhf1 a6 19. f4 gxf4 20. Bxf4 h5 21. Bg5 Nxe4 22. dxe4 Rd7 23. Ng3 d5 24. exd5 Rxd5 25. Rxf7 Qg6+ 26. Ka1 Qxf7 27. Bh4 d3 28. Rc3 Bb4 29. a3 Bxc3 30. bxc3 Rd7 31. Kb2 Rf8 32. Ne4 Qf4 33. Qxf4 Rxf4 34. Nd2 Rxh4 35. c4 Rf4 36. Kc3 Rf2 37. b4 Rxg2 38. a4 Rh2 39. c5 Rxh3 40. b5 axb5 41. axb5 Rg3 42. c6 bxc6 43. bxc6 Rd6 44. Kb2 Rxc6 45. Kb3 h4 46. Kb2 h3 47. Kb3 h2 48. Kb2 h1Q 49. Kb3 Rc2 50. Nc4 d2+ 51. Kb4 d1Q 52. Kb5 Rxc4 53. Kxc4 Qc2+ 54. Kb4 Qhb1+ 55. Ka5 Qca2# 0-1

[Event "Quebec-ch U10"]
[Site "Montreal"]
[Date "2018.01.14"]
[Round "5"]
[White "Dufresne, Christophe"]
[Black "Mellon Ruel, Olivier"]
[Result "1-0"]
[WhiteElo "1164"]
[BlackElo "960"]
[PlyCount "107"]
[EventDate "2018.01.12"]
[EventType "swiss"]
[EventRounds "5"]
[EventCountry "CAN"]
[SourceTitle "EXT 2022"]
[Source "ChessBase"]
[SourceDate "2021.10.06"]
[SourceVersion "1"]
[SourceVersionDate "2021.10.06"]
[SourceQuality "1"]

1. e4 e5 2. Nf3 d6 3. d4 Bg4 4. dxe5 dxe5 5. Qxd8+ Kxd8 6. Nxe5 Be6 7. f4 g6 8. f5 f6 9. fxe6 fxe5 10. Bg5+ Ke8 11. Nc3 Nc6 12. Nd5 Bb4+ 13. c3 Be7 14. Bxe7 Ncxe7 15. Nxc7+ Kd8 16. Nxa8 Nf6 17. 0-0-0+ Kc8 18. Bd3 Kb8 19. Nb6 axb6 20. Rhf1 Ng4 21. h3 Ne3 22. Rf7 Nxd1 23. Rxe7 Ne3 24. Rf7 h5 25. e7 Re8 26. Rf8 Rxf8 27. exf8Q+ Kc7 28. Qe7+ Kb8 29. g3 Ng2 30. Qxe5+ Kc8 31. Kd2 h4 32. gxh4 Nxh4 33. Qd4 Nf3+ 34. Ke3 Nxd4 35. Kxd4 Kc7 36. Ke5 Kc6 37. Kf6 b5 38. Kxg6 Kc5 39. h4 b4 40. h5 bxc3 41. h6 cxb2 42. h7 b1Q 43. Bxb1 b5 44. h8Q Kc4 45. Qd8 Kc3 46. Qd3+ Kb2 47. Qc2+ Ka1 48. Qc3+ Kxb1 49. Qd2 Ka1 50. e5 b4 51. e6 b3 52. e7 bxa2 53. e8R Kb1 54. Re1# 1-0

[Event "Quebec-ch U10"]
[Site "Montreal"]
[Date "2018.01.12"]
[Round "1"]
[White "Dufresne, Christophe"]
[Black "Latorre, Vincent"]
[Result "0-1"]
[WhiteElo "1164"]
[BlackElo "1495"]
[PlyCount "116"]
[EventDate "2018.01.12"]
[EventType "swiss"]
[EventRounds "5"]
[EventCountry "CAN"]
[SourceTitle "EXT 2022"]
[Source "ChessBase"]
[SourceDate "2021.10.06"]
[SourceVersion "1"]
[SourceVersionDate "2021.10.06"]
[SourceQuality "1"]

1. e4 c5 2. Nc3 d6 3. f4 Nc6 4. Nf3 e6 5. Bc4 a6 6. d3 b5 7. Bb3 Nf6 8. a4 b4 9. Ne2 Be7 10. 0-0 0-0 11. Qe1 Qb6 12. Qg3 c4+ 13. Kh1 cxb3 14. cxb3 Bb7 15. e5 Nd5 16. exd6 Bxd6 17. Qh3 h6 18. Ng3 Qc7 19. Nd2 Nxf4 20. Qg4 Ne7 21. Nf3 f5 22. Qh4 Neg6 23. Bxf4 Nxh4 24. Rac1 Qxc1 25. Bxc1 Nxf3 26. gxf3 Rac8 27. Kg2 Rc2+ 28. Kh3 Rfc8 29. Be3 Rxb2 30. Rf2 Rxb3 31. Rg2 Bxf3 32. Rf2 Bg4+ 33. Kg2 Rxd3 34. Bb6 b3 35. a5 Rdc3 36. Bd4 Rc2 37. Rxc2 Rxc2+ 38. Kf1 b2 39. Bxb2 Rxb2 40. Ke1 Ra2 41. Kf1 Rxa5 42. Kf2 Rb5 43. Nf1 a5 44. Nd2 Rb2 45. Ke3 Bf4+ 46. Kxf4 Rxd2 47. Ke3 Rd8 48. Kf4 a4 49. Ke5 Kf7 50. h3 Bxh3 51. Kf4 a3 52. Ke5 a2 53. Kf4 a1Q 54. Kf3 Qa4 55. Ke3 Rb8 56. Kd3 Rb3+ 57. Kc2 Qa2+ 58. Kc1 Rb1# 0-1